000 01104 a2200277 4500
005 20180928152549.0
008 130920s2016 xxuad fr|||| 001 0 eng d
020 _a9780262035118 (2a.Ed.)
020 _a9780262016766
040 _aCo-BoUCM
_bspa
_cSaul Niño (Modificó)
_d[Nuevo]
041 0 0 _aeng
100 1 _aSloan, Frank A.
_945757
245 1 0 _aHealth economics
_cFrank A. Sloan, Chee-Ruey Hsieh
250 _aSegunda edición
260 _aCambridge (Massachusetts, Estados Unidos)
_bMIT press
_c2016
300 _axxxi, 803 páginas
_bilustraciones, cuadros, gráficas
504 _aIncluye referencias bibliográficas e índices
650 7 _aAdministración de servicios de salud
_xAspectos económicos
_946253
650 7 _aAtención hospitalaria
_xAspectos económicos
_946254
650 7 _aAtención médica
_xAspectos económicos
_946255
650 7 _aPlanificación de la salud
_xAspectos económicos
_946256
690 _aEconomía
_9174
700 1 _aHsieh, Chee-Ruey
_945758
942 _a7
_cLIBRORESER
_e1
_mS634h
_2DEWEY
_h338.43362
999 _c180663
_d180663